[Recenzia na publikáciu Samuelson - Nordhaus: Ekonómia 2.]

Guardado en:
Detalles Bibliográficos
Autor principal: Gonda, Vladimír
Formato: Capítulo de libro
Lenguaje:eslovaco
Materias:
Etiquetas: Agregar Etiqueta
Sin Etiquetas, Sea el primero en etiquetar este registro!

MARC

LEADER 00000naa a2200000 4500
001 0190539
005 20240502073215.1
041 0 |a slo 
044 |a SK 
245 1 0 |a [Recenzia na publikáciu Samuelson - Nordhaus: Ekonómia 2.]  |c Vladimír Gonda 
610 2 0 |a ekonómia 
610 2 0 |a učebnice 
610 2 0 |a recenzie 
100 1 |a Gonda, Vladimír